1524 1223 1128 1942 1425 1868 1320 1736 1930 1333 1464 1523 1588 1274 1172 1385 1914 1496 1790 1892 1718 1960 1569 1464 1980 1229 1865 1189 1640 1435 1697 1509 1428 1653 1443 1433 1304 1199 1088 1371 1461 1511 1353 1778 1164 1805 1033 1473 1319 1680 1671 1924 1506 1849 1786 1662 1821 1572 1875 1166 1563 1901 1285 1058 1500 1368 1851 1145 1413 1952 1213 1445 1787 1208 1366 1700 1345 1526 1975 1236 1322 1645 1896 1529 1785 1507 1094 1032 1968 1542 1614 1263 1844 1591 1373 1293 1432 1867 1730 BCNSPRNW ULIB Ver.6.0+V

เปลี่ยนเป็นภาษาไทย

Change to English
 แสดงรายละเอียดบรรณานุกรม
  กลับหน้าหลัก

Brief Record : Get Marc (ISO 2709) : E-mail record : QR code < ปิดหน้าต่าง
LEADER : 00000nam 2200000uu 4500
001    13399120189
003     ULIB
008    120911s2550||||th 000 0 tha d
020    ^a9789741095605
090    ^aนว.^bฉ519ต
100 0  ^aเฉียนเฉ่าโม่ลี่
245 00 ^aตำรับรักมัดหัวใจ/^cเฉียนเฉ่าโม่ลี่
250    ^aพิมพ์ครั้งที่ 1
260    ^aกรุงเทพฯ :^bแจ่มใส,^c2550
300    ^a281 หน้า
700 0  ^aมดแดง ;^eแปล
710 1  ^aแจ่มใส
945    ^p189^l0^i15315
995    ^aวิภา
999    ^aใช้งานได้ทุกระบบ
รายการนี้ยังไม่มีแท็ก
คุณยังไม่ได้ล็อกอิน คุณสามารถมีกิจกรรมร่วมกับเว็บไซต์ได้ แต่ต้องล็อกอินก่อน ::
  ล็อกอิน

รายการสื่อสารสนเทศ

ลำดับที่ ประเภท เลขเรียก/บาร์โค้ด สถานที่ สถานะ
1. วิทยาศาสตร์การแพทย์ และสุขภาพ
วิทยาศาสตร์การแพทย์ และสุขภาพ
นว. ฉ519ต  
  Barcode: 15315
ห้องสมุดวิทยาเขตสวรรค์ประชารักษ์
►นวนิยาย
บนชั้น
  ขอยืม

BibComment


ยังไม่เคยถูกคอมเมนท์

คอมเมนท์ทรัพยากรรายการนี้
  คอมเมนท์: ตำรับรักมัดหัวใจ..


 Copyright 2026. Bcnsprnw @Library